مدخل معاصر في علم المالية العامة / (رقم التسجيلة. 144761)

تفاصيل مارك
000 -الفاتح
عناصر البيانات ثابتة الطول 00800cam a2200205 i 4500
005 - تاريخ ووقت آخر معاملة
حقل ضبط 20260120095617.0
008 - عناصر البيانات ثابتة الطول
عناصر البيانات ثابتة الطول 250721s2023 jo gr 000 0 ara d
020 ## - الترقيم الدولي المعياري للكتب (ردمك)
الترقيم الدولي المعياري للكتب (ردمك) 9789957187484
082 14 - رقم تصنيف ديوي العشري
رقم التصنيف 336
رقم المادة ع ا م
100 1# - مدخل رئيسي – اسم شخصي
الاسم الشخصي العامري، سعود جايد
علاقة الشخص بالعمل/ دوره مؤلف.
245 10 - بيان العنوان
العنوان مدخل معاصر في علم المالية العامة /
بيان المسؤولية تأليف أ.د. سعود جايد العامري، د. عقيل حميد الحلو.
264 31 - بيانات النشر، التوزيع…إلخ
مكان النشر، التوزيع...إلخ عمان :
اسم الناشر، الموزع...إلخ دار المناهج للنشر و التوزيع،
تاريخ النشر، التوزيع...إلخ 2023.
300 ## - الوصف المادي
عدد الوحدات المكونة للوعاء 486 صفحة.
650 17 - مدخل إضافي بالموضوع - مصطلح موضوعي
مصطلح موضوعي أو اسم جغرافي كعنصر مدخل المالية العامة.
650 17 - مدخل إضافي بالموضوع - مصطلح موضوعي
مصطلح موضوعي أو اسم جغرافي كعنصر مدخل النفقات المالية.
650 17 - مدخل إضافي بالموضوع - مصطلح موضوعي
مصطلح موضوعي أو اسم جغرافي كعنصر مدخل الايرادات.
700 1# - مدخل إضافي - اسم شخصي
الاسم الشخصي الحلو، عقيل حميد
علاقة الشخص بالعمل/ دوره مؤلف.
942 ## - بيانات إضافية (كوها)
نوع التنصيف Dewey Decimal Classification
نوع المادة (كوها) كتب
المقتنيات
حالة السحب حالة الفقدان مصدر التصنيف حالة التلف غير قابل للإعارة المكتبة الرئيسية المكتبة الحالية موقع الرف تاريخ التزويد الرقم المتسلسل Total Checkouts رقم الإستدعاء الباركود تاريخ آخر ظهور تاريخ الفاتورة نوع المادة (كوها)
    Dewey Decimal Classification     المكتبة المركزية المكتبة المركزية الإعارة 28/07/2025 1779859   336 / ع ا م PLD00505076 28/07/2025 28/07/2025 كتب
    Dewey Decimal Classification     مكتبة أبو علندا العامة مكتبة أبو علندا العامة الإعارة 07/08/2023 1779860   336/عام PLD00505151 28/07/2025 07/08/2023 كتب
Implemented & Customized by: BBB with SCIT (Smart Chains for Information Technology)

Powered by Koha